An In-Vitro antimicrobial evaluation of conventional recycled and self-ligating brackets coated with nitrogen doped zinc oxide nanoparticles against streptococcus mutans and candida albicans (Record no. 32072)
[ view plain ]
| 000 -LEADER | |
|---|---|
| fixed length control field | 00467nam a22001337a 4500 |
| 003 - CONTROL NUMBER IDENTIFIER | |
| control field | SGT |
| 082 ## - DEWEY DECIMAL CLASSIFICATION NUMBER | |
| Classification number | 617.643 |
| Item number | I25D |
| 100 ## - MAIN ENTRY--PERSONAL NAME | |
| Personal name | Dagar, Tanvi |
| 245 ## - TITLE STATEMENT | |
| Title | An In-Vitro antimicrobial evaluation of conventional recycled and self-ligating brackets coated with nitrogen doped zinc oxide nanoparticles against streptococcus mutans and candida albicans |
| 260 ## - PUBLICATION, DISTRIBUTION, ETC. (IMPRINT) | |
| Place of publication, distribution, etc | Gurugram, Haryana |
| Name of publisher, distributor, etc | SGT University |
| Year of Publication | 2025 |
| 300 ## - PAGE DESCRIPTION | |
| No. of Pages | 179 |
| 650 ## - SUBJECT ADDED ENTRY--TOPICAL TERM | |
| Topical term or geographic name as entry element | Orthodontics |
| 942 ## - ADDED ENTRY ELEMENTS (KOHA) | |
| Source of classification or shelving scheme | Dewey Decimal Classification |
| Koha item type | Thesis/Dissertation |
| Withdrawn status | Lost status | Source of classification or shelving scheme | Damaged status | Use restrictions | Not for loan | Home library | Current library | Date acquired | SGTU | Total Checkouts | Full call number | Accession No. (Barcode) | Date last seen | Bill Date | Koha item type |
|---|---|---|---|---|---|---|---|---|---|---|---|---|---|---|---|
| Dewey Decimal Classification | Restricted Access | Not For Loan | SGT Dental Library | SGT Dental Library | 08/07/2025 | SGTU | 617.643 I25D | DT2252 | 08/07/2025 | 08/07/2025 | Thesis/Dissertation |